Nie povstanie, párty!

Bibliographic Details
Main Author: Šamajová, Katarína (Author)
Format: Article
Language:Slovak
PhysicalDescription:Fotogr.
ISSN:1335-440X
Subjects:
Online Access:http://kultura.sme.sk/c/5445098/nie-povstanie-party.html

MARC

LEADER 00000nab a2200000 a 4500
001 vtls010118913
003 SK-MaSNL
005 20260303081032.0
008 140512c20100630xo ||||||||||||00 b|slo
015 |a SNBRB2010/07  |2 snkbucl 
038 |a SNKBUCL 
040 |a SNKBUCL  |b slo  |c SNKBUCL  |e AACR2 
041 0 |a slo 
044 |a xo  |c SK 
080 |a 78.071.1/.2:794.66  |2 2001 
080 |a 794.66  |2 2001 
100 1 |a Šamajová, Katarína  |4 aut  |9 1083723 
245 1 0 |a Nie povstanie, párty!  |c Katarína Šamajová 
300 |b Fotogr. 
600 1 7 |a Para (hudobná skupina)  |x nahrávky CD  |2 snkbucl  |9 1083724 
630 0 7 |a Povstanie (nahrávka CD)  |2 snkbucl  |9 1083725 
650 0 7 |a nahrávky CD  |2 snkbucl  |9 19639 
650 0 7 |a hudobné albumy  |2 snkbucl  |9 317336 
655 7 |a recenzie  |2 snkbucl  |9 21907 
773 0 |t Sme  |g Roč. 18, č. 149 (30.6.2010)  |x 1335-440X 
773 0 |t Kultúra  |g S. 18 
852 |a SNK  |b KIS3GCP 
856 4 1 |u http://kultura.sme.sk/c/5445098/nie-povstanie-party.html 
958 |a SK 
958 |a RC 
999 |c 1782964  |d 1784894